Loading...
| Science - Biology | 0 | 6 | 0 | 3 | 60 | 66 | 80.67 | 0 | 1 |
| Science - Chemistry | 0 | 4 | 0 | 1 | 40 | 60 | 87.25 | 0 | 1 |
| Literature - European Literature | 0 | 3 | 0 | 1 | 30 | 80 | 105.67 | 0 | 0 |
| History - World History | 0 | 3 | 0 | 0 | 30 | 39 | 58.33 | 0 | 2 |
| Science - Physics | 0 | 3 | 1 | 0 | 25 | 43 | 64.67 | 0 | 1 |
| Social Science | 0 | 2 | 0 | 2 | 20 | 65 | 82.00 | 0 | 0 |
| Fine Arts - Other Fine Arts | 0 | 2 | 0 | 0 | 20 | 40 | 54.00 | 1 | 1 |
| Literature - World Literature | 0 | 2 | 0 | 0 | 20 | 70 | 96.50 | 0 | 1 |
| Mythology | 0 | 2 | 0 | 0 | 20 | 67 | 68.50 | 0 | 1 |
| Religion | 0 | 2 | 0 | 0 | 20 | 70 | 76.00 | 0 | 1 |
| Current Events | 0 | 2 | 0 | 0 | 20 | 46 | 64.00 | 1 | 1 |
| History - American History | 0 | 1 | 0 | 0 | 10 | 85 | 85.00 | 0 | 0 |
| Literature - British Literature | 0 | 1 | 0 | 1 | 10 | 115 | 115.00 | 0 | 0 |
| Literature - American Literature | 0 | 1 | 0 | 0 | 10 | 116 | 116.00 | 0 | 0 |
| Science - Other Science | 0 | 2 | 2 | 0 | 10 | 45 | 57.00 | 0 | 1 |
| Philosophy | 0 | 1 | 0 | 1 | 10 | 110 | 110.00 | 0 | 0 |
| Pop Culture | 0 | 1 | 0 | 0 | 10 | 28 | 28.00 | 1 | 1 |